| 000 | 00823nam a22002177a 4500 | ||
|---|---|---|---|
| 008 | 090306t xxu||||| |||| 00| 0 eng d | ||
| 010 | _aENG-93136 | ||
| 020 |
_c120.00 _a9788189840471 |
||
| 035 | _aEN-76669 | ||
| 037 | _bDBAD / PUB | ||
| 040 |
_adpl _bEnglish |
||
| 082 | _a005.133 | ||
| 100 | _aVenkatachalam, M. | ||
| 245 |
_aBasics of cobol programming / _cby M. Venkatachalam |
||
| 260 |
_aErode _bPallavi Pathippagam S.India _c2008 |
||
| 270 |
_a194, Kanna Complex, Mettur Road, _bErode _e11 |
||
| 300 |
_a187p. _c21cm (pbk) |
||
| 650 | _aCOBOL (Computer program language). | ||
| 942 |
_2ddc _cEN _mVEN _h005.133 |
||
| 999 |
_c24981 _d24981 |
||